Chi è più popoloso? - Statistics

Statistiche generali
  • Questo quiz è stato fatto 40 volte
  • Il punteggio medio è 5 su 16
Statistiche sulle risposte
Domanda Risposta % Corretto
Chi è più popoloso? Indonesia
66%
Chi è più popoloso? San Marino
60%
Chi è più popoloso? Hong Kong
49%
Chi è più popoloso? California
46%
Chi è più popoloso? Lombardia
43%
Chi è più popoloso? Campania
34%
Chi è più popoloso? Slovenia
34%
Chi è più popoloso? Danimarca
31%
Chi è più popoloso? Tanzania
31%
Chi è più popoloso? Valle d'Aosta
31%
Chi è più popoloso? Florida
23%
Chi è più popoloso? Salerno
23%
Chi è più popoloso? Roma
20%
Chi è più popoloso? Foggia
17%
Chi è più popoloso? Qatar
9%
Chi è più popoloso? Arezzo
6%
Nessun quiz corrispondente trovato
Distribuzione punteggi
Percentuale di utenti per punteggio
Percentile per numero di risposta
I tuoi punteggi nel tempo
Non hai fatto questo quiz